[Event "Cannes op"]
[Site "Cannes"]
[Date "1990.??.??"]
[Round "3"]
[White "Jean, Olivier"]
[Black "Lukasiewicz, Grzegorz"]
[Result "1-0"]
[WhiteElo "2080"]
[BlackElo "2320"]

1.Nf3 d5 2.g3 Bf5 3.Bg2 e6 4.O-O h6 5.d3 Nf6 6.Nfd2 c6 7.e4 Bh7 8.Qe2 Be7
9.Nc3 a5 10.f4 Na6 11.a3 Nc5 12.f5 d4 13.Nd1 e5 14.Nf3 Nfd7 15.h4 Bg8 16.Nh2 a4
17.Bd2 Qc7 18.Nf2 h5 19.Bf3 Nf6 20.Rfb1 g6 21.Kg2 Bh7 22.fxg6 Bxg6 23.Kh1 Nfd7
24.Bg2 f6 25.Bh3 Bf7 26.Bb4 Be6 27.Rf1 Bxh3 28.Nxh3 Ne6 29.Bd2 O-O-O 30.b3 Rdg8
31.Qf3 Ndc5 32.Rfb1 axb3 33.cxb3 Qd7 34.Nf2 Ng7 35.Bb4 Nge6 36.Nf1 Rf8 37.Nd2 Bd6
38.Nc4 Bc7 39.Qf5 b5 40.Bxc5 Nxc5 41.Nd2 Rhg8 42.Kh2 Qxf5 43.exf5 e4 44.Ndxe4 Nxe4
45.Nxe4 Rg4 46.Kh3 Rfg8 47.Rg1 Be5 48.b4 Kc7 49.a4 bxa4 50.Rxa4 Kb6 51.Ra5 R4g7
52.Rxe5 fxe5 53.f6 Rg4 54.f7 Rf8 55.Nf6 Rxf7 56.Nxg4 hxg4+ 57.Kxg4 Kb5 58.Rb1 Rf2
59.h5 e4 60.dxe4 d3 61.h6 d2 62.Kg5 Re2 63.Rd1 Kxb4 64.h7 Rh2 65.Kg6 Kc3
66.e5  1-0

[Event "Cannes op"]
[Site "Cannes"]
[Date "1990.??.??"]
[Round "5"]
[White "Boros, Laszlo"]
[Black "Romantchouk, Jacqes"]
[Result "0-1"]
[WhiteElo "2200"]
[BlackElo "2030"]

1.Nf3 d5 2.g3 Nf6 3.Bg2 Bg4 4.O-O Nbd7 5.d3 e5 6.h3 Bh5 7.Nbd2 c6 8.e4 dxe4
9.dxe4 Qc7 10.Qe2 Bc5 11.c3 a5 12.g4 Bg6 13.Nh4 O-O 14.Nf5 Rfe8 15.h4 h6
16.Kh1 Nf8 17.Nb3 Ba7 18.h5 Bxf5 19.gxf5 a4 20.Nd2 N8d7 21.Rg1 Nc5 22.Bf1 Qe7
23.f3 Ncd7 24.Qh2 Bxg1 25.Kxg1 Qc5+ 26.Kg2 Nb6 27.Kg3 Rad8 28.Be2 Nxh5+  0-1

[Event "Cannes op"]
[Site "Cannes"]
[Date "1990.??.??"]
[Round "7"]
[White "Boros, Laszlo"]
[Black "Bellincampi, Stefano"]
[Result "0-1"]
[WhiteElo "2200"]
[BlackElo "2000"]

1.Nf3 d5 2.g3 c6 3.Bg2 Bg4 4.O-O e6 5.d3 Bd6 6.Nbd2 Ne7 7.h3 Bh5 8.e4 Nd7
9.Re1 Rc8 10.c4 O-O 11.a3 c5 12.Qb3 Qb6 13.Qxb6 Nxb6 14.e5 Bb8 15.cxd5 Nbxd5
16.b3 Nc6 17.Bb2 Bg6 18.d4 cxd4 19.Bxd4 Nxd4 20.Nxd4 a6 21.b4 Ba7 22.N2b3 Rc3
23.Bxd5 exd5 24.Kg2 Rfc8 25.Rad1 R8c4 26.e6 fxe6 27.Rxe6 Rd3 28.Rxd3 Bxd3
29.Nf3 Rc2 30.Nbd4 Ra2 31.Re7 Be4 32.Kg1 Bxf3 33.Nxf3 Rxf2 34.Rxb7 Be3 35.Nh4 Rf7+  0-1

[Event "JUG-chT Cetinje"]
[Site "Cetinje"]
[Date "1990.??.??"]
[Round "1"]
[White "Strikovic, Aleksa"]
[Black "Drasko, Milan"]
[Result "1/2-1/2"]
[WhiteElo "2465"]
[BlackElo "2445"]

1.Nf3 d5 2.g3 c6 3.Bg2 Bg4 4.O-O Nd7 5.d3 e6 6.Nbd2 Bd6 7.e4 Ne7 8.Qe1 O-O
9.h4 e5 10.Nh2 Be6 11.f4 exf4 12.gxf4 Qc7 13.Qg3 dxe4 14.dxe4 Ng6 15.Nb3 Bc4
16.Be3 Bxf1 17.Rxf1 Nf6 18.e5 Nxe5 19.fxe5 Bxe5 20.Bf4 Qb6+ 21.Kh1 Nh5 22.Qg5 Nxf4
23.Qxe5 Nxg2 24.Kxg2 Rae8 25.Qc5 Re2+ 26.Rf2 Qa6 27.a3 Rxf2+ 28.Kxf2 Qa4
29.Nf3 b6 30.Qb4 Qa6 31.Qe4 h6 32.Qxc6 Rc8 33.Qe4 Qb5 34.Nfd4 Qd7 35.Nd2 Re8
36.Qf4 Qd5 37.c4 Qh1 38.N2f3 Qb1 39.Qd2 Qa2 40.Qc3 Qb1 41.b4 Qe4 42.c5 bxc5
43.bxc5 g5 44.hxg5 hxg5 45.Qe1 Kf8 46.c6 Qxe1+ 47.Nxe1 Ke7 48.Nef3 f6 49.Nf5+ Kd8
50.N3d4 Kc7 51.Kf3 a6 52.Ng7 Re5 53.Nge6+ Rxe6 54.Nxe6+ Kxc6 55.Ke4 Kb5 56.Nc7+ Ka4
57.Nxa6  1/2-1/2

[Event "JUG-chT Cetinje"]
[Site "Cetinje"]
[Date "1990.??.??"]
[Round "2"]
[White "Damljanovic, Branko"]
[Black "Djukic, Zeljko"]
[Result "1-0"]
[WhiteElo "2535"]
[BlackElo "2410"]

1.Nf3 d5 2.g3 c6 3.Bg2 Bf5 4.O-O e6 5.d3 Nf6 6.Nbd2 h6 7.b3 Bc5 8.Bb2 O-O
9.Ne5 Bh7 10.e4 Nbd7 11.Nxd7 Nxd7 12.Qe2 Re8 13.a4 Qa5 14.Qg4 Bf8 15.Rfd1 Rad8
16.Nf1 e5 17.Qe2 Bb4 18.Ne3 d4 19.Nc4 Qc7 20.Bh3 Nc5 21.a5 b5 22.axb6 axb6
23.Ba3 Bxa3 24.Rxa3 b5 25.Nd2 Ra8 26.Rda1 Rxa3 27.Rxa3 Bg6 28.Qe1 Qd6 29.Ra2 Kh7
30.Nf3 Ne6 31.Bg4 Ng5 32.Nh4 c5 33.Ra5 Rb8 34.Qe2 c4 35.Nxg6 fxg6 36.h4 Ne6  1-0

[Event "JUG-chT Cetinje"]
[Site "Cetinje"]
[Date "1990.??.??"]
[Round "5"]
[White "Dizdar, Goran"]
[Black "Todorovic, Goran M"]
[Result "1-0"]
[WhiteElo "2470"]
[BlackElo "2415"]

1.Nf3 d5 2.g3 c5 3.Bg2 Nc6 4.O-O Nf6 5.c4 e6 6.b3 Be7 7.cxd5 exd5 8.Bb2 d4
9.Na3 O-O 10.e3 Bg4 11.h3 Bf5 12.exd4 cxd4 13.Re1 Qd7 14.Nc4 Bxh3 15.Nce5 Nxe5
16.Nxe5 Qf5 17.Bxb7 Rab8 18.Qf3 Qxf3 19.Bxf3 Bc5 20.Nc6 Rbe8 21.b4 Bb6 22.a4 a6
23.a5 Bc7 24.Bxd4 Rxe1+ 25.Rxe1 Bd7 26.b5 Bxc6 27.Bxc6 Rd8  1-0

[Event "JUG-chT Cetinje"]
[Site "Cetinje"]
[Date "1990.??.??"]
[Round "8"]
[White "Todorcevic, Miodrag"]
[Black "Ivanovic, Bozidar"]
[Result "0-1"]
[WhiteElo "2550"]
[BlackElo "2520"]

1.Nf3 d5 2.g3 c5 3.Bg2 Nc6 4.d3 Nf6 5.O-O e5 6.e4 d4 7.Nbd2 Be7 8.Nc4 Qc7
9.a4 Be6 10.b3 Nd7 11.Ne1 g5 12.f4 gxf4 13.gxf4 O-O-O 14.f5 Bxc4 15.bxc4 Rdg8
16.Kh1 h5 17.Bd2 Qd8 18.Rb1 Bg5 19.f6 Bxd2 20.Qxd2 Nxf6 21.Bh3+ Kb8 22.Rf5 Qe7
23.Ng2 Ng4 24.a5 Rg7 25.Rf3 Nd8 26.a6 b6 27.Rbf1 Ne6 28.Rg3 Ng5 29.Qe2 Qe6
30.Rf5 Qh6 31.Rf1 Nxh3 32.Rxh3 Rhg8 33.Qf3 Qd2 34.Qf5 f6 35.Qf3 h4  0-1

[Event "Chartres op"]
[Site "Chartres"]
[Date "1990.??.??"]
[Round "7"]
[White "Dunnington, Angus J"]
[Black "Dubois, Martine"]
[Result "1-0"]
[WhiteElo "2370"]
[BlackElo "2055"]

1.Nf3 d5 2.g3 Bf5 3.Bg2 c6 4.O-O Nd7 5.d3 e5 6.b3 Ngf6 7.Bb2 Qc7 8.Nbd2 Be7
9.Re1 Rd8 10.e4 dxe4 11.dxe4 Bg4 12.Qe2 O-O 13.Nc4 Bxf3 14.Qxf3 Rfe8 15.Qe2 Bf8
16.Rad1 b5 17.Ne3 g6 18.Qf3 Bg7 19.b4 Nb6 20.a3 Na4 21.Ba1 Nb6 22.Bf1 Nh5
23.c4 a6 24.Rxd8 Rxd8 25.Rd1 Rxd1 26.Qxd1 Qd7 27.c5 Qxd1 28.Nxd1 Nc8 29.f3 Ne7
30.Nf2 f6 31.Nd3 Bh6 32.Kf2 Kf7 33.Ke2 Ke6 34.Bh3+ Kf7 35.Bd7 Bg5 36.Bb2 Bh6
37.Ne1 Ng7 38.Nd3 Ne6 39.Bc3 Nf8 40.Bh3 Ne6 41.Bb2 Ng5 42.Bd7 Ne6 43.h4 Nf8
44.Bh3 Ne6 45.Bxe5 Nxc5 46.Nxc5 fxe5 47.Nxa6 Bc1 48.Nc5 Bxa3 49.Nd3 Kf6 50.Bd7 c5
51.bxc5 b4 52.Kd2 Ng8 53.c6 Ke7 54.Nxe5 Kd8 55.Nc4  1-0

[Event "USA Masters"]
[Site "Chicago"]
[Date "1990.??.??"]
[Round "3"]
[White "Hergott, Deen"]
[Black "Ross, Paul"]
[Result "1-0"]
[WhiteElo "2380"]
[BlackElo "2280"]

1.Nf3 d5 2.g3 g6 3.Bg2 Bg7 4.O-O Nf6 5.c4 c6 6.cxd5 cxd5 7.d4 O-O 8.Nc3 Nc6
9.Ne5 Nd7 10.Nxd5 Ndxe5 11.dxe5 Bxe5 12.Bh6 Bg7 13.Bxg7 Kxg7 14.Qa4 e6 15.Nc3 Bd7
16.Rfd1 Qe7 17.Qf4 Rfd8 18.Qc7 Be8 19.Qxe7 Rxd1+ 20.Nxd1 Nxe7 21.Bxb7 Rd8
22.Kf1 Nf5 23.Ba6 Rd6 24.Bd3 Nd4 25.Ne3 Bc6 26.Rc1 h5 27.h4 Kf6 28.Nc2 Bb5
29.Nxd4 Bxd3 30.exd3 Rxd4 31.Rc7 Ra4 32.a3 Ra5 33.Ke2 Re5+ 34.Kd2 Rf5 35.Ke3 a5
36.Rc4 Rb5 37.b4 axb4 38.axb4 g5 39.hxg5+ Rxg5 40.Rc5 Rg4 41.Rc4 Rg5 42.Kd2 Rf5
43.f4 Rb5 44.Kc3 Rb8 45.Rc5 Rg8 46.Rg5 Rc8+ 47.Kb3 Rh8 48.b5 Ke7 49.Rc5 Kd6
50.Kb4 h4 51.gxh4 Rxh4 52.Rc4 Rh1 53.b6 Rd1 54.Rc3 f6 55.Kb5 e5 56.Rc6+ Kd7
57.Rxf6 exf4 58.Rxf4 Rxd3 59.Rc4 Rb3+ 60.Ka6 Ra3+ 61.Kb7 Rd3 62.Kb8 Rd2 63.b7 Ra2
64.Rd4+ Ke7 65.Kc7 Rc2+ 66.Kb6 Rb2+ 67.Kc6 Rb1 68.Rd5  1-0

[Event "Copenhagen op"]
[Site "Copenhagen"]
[Date "1990.??.??"]
[Round "2"]
[White "Sigfusson, Sigurdur"]
[Black "Nilsson, Nils Specht"]
[Result "1/2-1/2"]
[WhiteElo "2370"]
[BlackElo "2235"]

1.Nf3 d5 2.g3 Nf6 3.Bg2 c6 4.O-O Nbd7 5.d4 e6 6.c4 b5 7.cxb5 cxb5 8.Bf4 Bb7
9.a4 b4 10.a5 Rc8 11.Nbd2 Ba6 12.Re1 Be7 13.e4 dxe4 14.Ne5 Nxe5 15.Bxe5 Bd3
16.Nxe4 Bxe4 17.Bxe4 Nxe4 18.Rxe4 O-O 19.Qg4 Bf6 20.Rf4 Bxe5 21.dxe5 Qd2  1/2-1/2

[Event "Dieren op"]
[Site "Dieren"]
[Date "1990.??.??"]
[Round "2"]
[White "Vanheste, Jeroen"]
[Black "Sehner, Norbert"]
[Result "0-1"]
[WhiteElo "2370"]
[BlackElo "2420"]

1.Nf3 d5 2.g3 c6 3.Bg2 Bg4 4.b3 Nd7 5.Bb2 Ngf6 6.O-O e6 7.d3 Bc5 8.e4 dxe4
9.dxe4 e5 10.h3 Bxf3 11.Bxf3 Qe7 12.Nd2 Rd8 13.a3 Nf8 14.Qe2 Ne6 15.Bxe5 Bd4
16.Bxf6 Bxf6 17.Ra2 Nd4 18.Qc4 b5 19.Qb4 c5 20.Qa5 Bg5 21.c3 Bxd2 22.Bd1 Ne6
23.Qxb5+ Qd7 24.Qc4 Qd3 25.Qa4+ Qd7 26.Qc4 Qd3 27.Qa4+ Ke7 28.Bg4 Rd7 29.Rxd2 Qxd2
30.Rd1 Qxd1+ 31.Bxd1 Rxd1+ 32.Kg2 Rd7 33.b4 Rb8 34.b5 Rb6 35.e5 Rdb7 36.c4 a6
37.Qd1 axb5 38.cxb5 Rxb5 39.Qd6+ Ke8 40.Qc6+ Kd8 41.a4 R5b6 42.Qd5+ Rd7 43.Qa8+ Ke7
44.a5 Rb2 45.a6 Rb6 46.f4 g6 47.h4 h5 48.Kf2 Nc7 49.Qa7 Rc6 50.g4 hxg4 51.h5 gxh5
52.f5 Rd2+ 53.Kg3 Rb2 54.Kh4 Rb3  0-1

[Event "Dieren op"]
[Site "Dieren"]
[Date "1990.??.??"]
[Round "3"]
[White "De Boer, Gert Jan"]
[Black "Bagirov, Vladimir"]
[Result "1/2-1/2"]
[WhiteElo "2400"]
[BlackElo "2475"]

1.Nf3 d5 2.g3 Bg4 3.Bg2 Nd7 4.c4 c6 5.cxd5 cxd5 6.Nc3 e6 7.Qa4 Bxf3 8.Bxf3 Nf6
9.O-O Be7 10.d4 O-O 11.Bg5 a6 12.Rfd1 b5  1/2-1/2

[Event "Dieren op"]
[Site "Dieren"]
[Date "1990.??.??"]
[Round "3"]
[White "Carlier, Bruno"]
[Black "Bottema, Tom"]
[Result "1-0"]
[WhiteElo "2390"]
[BlackElo "2205"]

1.g3 d5 2.Nf3 Bg4 3.Bg2 c6 4.O-O Nd7 5.d3 Ngf6 6.h3 Bh5 7.Qe1 e5 8.e4 dxe4
9.dxe4 Bc5 10.Nbd2 O-O 11.Nb3 Be7 12.Nh4 Re8 13.Nf5 Bf8 14.Be3 Qc7 15.a4 a5
16.g4 Bg6 17.Qe2 Bxf5 18.gxf5 c5 19.Nd2 Rec8 20.b3 Ne8 21.Rfd1 Nd6 22.Nc4 Nxc4
23.Qxc4 Ra6 24.Rd2 h6 25.Rad1 Nf6 26.f3 Rd6 27.Rxd6 Bxd6 28.Bf1 Be7 29.Qc3 b6
30.Bb5 Rd8 31.Rxd8+ Bxd8 32.Qd3 Be7 33.Bc4 Qd6 34.Qxd6 Bxd6 35.Kf2 Kf8 36.Ke2 Ne8
37.Kd3 Be7 38.c3 Bd6 39.b4 axb4 40.cxb4 Ke7 41.a5 Bb8 42.axb6 cxb4 43.Bc5+ Kf6
44.Bxb4 Nd6 45.Bd5 Kg5 46.Be1 h5 47.h4+ Kf6 48.Kc3 Nb5+ 49.Kc4 Nd4 50.f4 Nf3
51.fxe5+ Bxe5 52.Bf2 g5 53.fxg6 fxg6 54.b7 Bb8 55.Kb5 g5 56.hxg5+ Kxg5 57.Ka6 h4
58.Ba7 Be5 59.b8=Q Bxb8 60.Bxb8 Kf6 61.Bc4 h3 62.Bf1 Ng5 63.Bh2 Nxe4 64.Bxh3 Ng5
65.Bc8 Nf3 66.Bg3 Nd4 67.Kb6 Nf5 68.Be1 Ke5 69.Kc5 Kf6 70.Bb7 Ke5 71.Bc3+ Kf4
72.Kd5 Ne3+ 73.Ke6 Nf1 74.Bg2 Ne3 75.Bd2 Kg3 76.Bc6 Ng2 77.Ke5 Kf2 78.Ke4 Ke2
79.Ba5 Kf2 80.Bc7 Ne1 81.Kf4 Ng2+ 82.Kg5 Ne1 83.Kg4 Ke3 84.Bb6+ Kd3 85.Ba5 Nc2
86.Kf4 Na3 87.Be4+ Kd4 88.Bd8 Nc4 89.Bh4 Kc5 90.Bf2+ Kb4 91.Bd4 Nd6 92.Bd5 Nb5
93.Bg7 Kc5 94.Ke5 Kb4 95.Bf8+ Kc3 96.Ke4 Kc2 97.Bc6 Nc3+ 98.Kd4 Ne2+ 99.Kc4 Ng3
100.Bb4 Ne2 101.Be4+ Kb2 102.Bd3 Nc1 103.Bc3+ Ka3 104.Bc2 Ne2 105.Be5 Nc1
106.Bd1 Na2 107.Bg7 Nc1 108.Kc3 Na2+ 109.Kc2 Nb4+ 110.Kb1 Nd5 111.Bf8+ Nb4
112.Kc1  1-0

[Event "Dieren op"]
[Site "Dieren"]
[Date "1990.??.??"]
[Round "3"]
[White "Krudde, Fitzgerald"]
[Black "Dekker, Andries"]
[Result "1/2-1/2"]
[WhiteElo "2270"]
[BlackElo "2240"]

1.Nf3 d5 2.g3 c6 3.Bg2 Nf6 4.d3 Bg4 5.Nbd2 Nbd7 6.e4 dxe4 7.dxe4 e5 8.h3 Bxf3
9.Qxf3 Bc5 10.c3 O-O 11.O-O Qe7 12.a4 a5 13.h4 Qe6 14.Qe2 Nb6 15.b3 Rfd8
16.Rb1 Rd7 17.b4 axb4 18.cxb4 Bd4 19.a5 Na4 20.Qf3 Bc3 21.Qe2 Qa2 22.b5 c5
23.a6 b6 24.g4 Bxd2 25.g5 Qxb1 26.gxf6 Qd3 27.Qg4 g6 28.Rd1 h5 29.Qh3 Qxh3
30.Bxh3 Rd4 31.Rxd2 Rad8 32.Rxd4 cxd4 33.Bd2 Nc3 34.Bf1 Nxe4 35.Ba5 d3 36.Bxb6 d2
37.Bxd8 d1=Q 38.Ba5 Qa4 39.Be1 Nc5 40.Bd2 Qg4+ 41.Bg2 Qd4 42.Kh2 Qa4 43.Bf1 Qxh4+
44.Kg1 Qg4+ 45.Kh2 Qh4+ 46.Kg1 Ne4 47.Be3 Ng5 48.Bg2 Nh3+ 49.Bxh3 Qxh3 50.b6 Qg4+
51.Kh2 Qc8 52.b7 Qb8 53.Bc5 h4 54.Bd6 Qxd6 55.a7 e4+ 56.Kg1 Qd1+ 57.Kh2 Qd6+
58.Kg1 Qd1+ 59.Kh2 Qd6+  1/2-1/2

[Event "Dieren op"]
[Site "Dieren"]
[Date "1990.??.??"]
[Round "8"]
[White "Ninov, Kiril"]
[Black "Bosman, Michiel"]
[Result "1-0"]
[WhiteElo "2425"]
[BlackElo "2315"]

1.Nf3 d5 2.g3 c6 3.Bg2 Bg4 4.c4 e6 5.O-O Nf6 6.d3 Nbd7 7.cxd5 cxd5 8.h3 Bxf3
9.Bxf3 Ne5 10.Bg2 Be7 11.e4 Nc6 12.exd5 Nxd5 13.Nc3 Nf6 14.d4 O-O 15.Be3 Qd7
16.d5 exd5 17.Nxd5 Nxd5 18.Qxd5 Qxd5 19.Bxd5 Bf6 20.Rac1 Rfd8 21.Bxc6 bxc6
22.b3 Rdc8 23.Rc4 a5 24.Rfc1 Ra6 25.g4 h6 26.Kg2 Kf8 27.Kg3 Ke8 28.Re4+ Kf8
29.Rec4 Ke8 30.Re4+ Kf8 31.h4 Kg8 32.Rec4 Kh7 33.g5 hxg5 34.hxg5 Be7 35.Kg4 Kg6
36.f4 f5+ 37.gxf6 Bxf6 38.f5+ Kf7 39.Bg5 g6 40.Bxf6 Kxf6 41.fxg6 Kxg6 42.Rf4 Rd8
43.Kf3 Rd3+ 44.Ke4 Rg3 45.Kd4 Rg5 46.Rcf1 Rb6 47.Rf6+ Kg7 48.Rf7+ Kg8 49.R7f5 Rb4+
50.Kc3 Rb5 51.Rxg5+ Rxg5 52.Rf6 Rc5+ 53.Kd4 Rc1 54.Rf5 a4 55.bxa4 Ra1 56.Rf2 Rc1
57.Rf5 Ra1 58.Rf2 Rc1 59.a3 Kg7 60.Rf5 Ra1 61.Rf3 Rc1 62.Rc3 Rf1 63.Kc5 Kf7
64.Kxc6 Ke7 65.a5  1-0

[Event "Dortmund-B"]
[Site "Dortmund"]
[Date "1990.??.??"]
[Round "?"]
[White "Espig, Lutz"]
[Black "Keitlinghaus, Ludger"]
[Result "1-0"]
[WhiteElo "2475"]
[BlackElo "2415"]

1.Nf3 d5 2.g3 c6 3.Bg2 Bg4 4.b3 Nf6 5.Bb2 Nbd7 6.d3 Qb8 7.c4 e6 8.O-O Be7
9.Nc3 O-O 10.Qc2 Re8 11.e3 Bf8 12.h3 Bxf3 13.Bxf3 g6 14.Bg2 Bg7 15.b4 Qd6
16.Qb3 Rad8 17.Rfd1 Qb8 18.Ne2 Ne5 19.Bd4 Ned7 20.Rac1 Rc8 21.Ba1 Red8 22.Bc3 Re8
23.b5 Nc5 24.Qa3 Ncd7 25.bxc6 bxc6 26.Rb1 Qa8 27.Bd4 e5 28.Ba1 dxc4 29.dxc4 e4
30.Qa5 c5 31.Nc3 Ne5 32.Qa4 Nf3+ 33.Kh1 Rcd8 34.Qc2 Qc8 35.Nb5 Rxd1+ 36.Rxd1 Rd8
37.Nxa7 Rxd1+ 38.Qxd1 Qa8 39.Nb5 Qxa2 40.Bxf3 exf3 41.Qd8+  1-0

[Event "Dortmund-C"]
[Site "Dortmund"]
[Date "1990.??.??"]
[Round "?"]
[White "Konikowski, Jerzy"]
[Black "Buecker, Peter"]
[Result "1/2-1/2"]
[WhiteElo "2360"]
[BlackElo "2365"]

1.Nf3 d5 2.g3 Nf6 3.Bg2 e6 4.O-O Be7 5.d3 c5 6.Nbd2 Nc6 7.e4 b6 8.Re1 Bb7
9.c3 Qc7 10.Qe2 a5 11.exd5 Nxd5 12.a4 O-O 13.Nc4 Rad8 14.h4 h6 15.Nh2 Rfe8
16.Ng4 Kh8 17.Nge3 Bf6 18.Ng4  1/2-1/2

[Event "Dortmund op"]
[Site "Dortmund"]
[Date "1990.??.??"]
[Round "9"]
[White "Petrosian, Arshak B"]
[Black "Tischbierek, Raj"]
[Result "1-0"]
[WhiteElo "2480"]
[BlackElo "2440"]

1.Nf3 d5 2.g3 Bg4 3.Bg2 Nd7 4.c4 c6 5.cxd5 cxd5 6.Nc3 e6 7.Qa4 Nf6 8.Ne5 Bf5
9.g4 Bc2 10.Nxf7 Bxa4 11.Nxd8 Rxd8 12.Nxa4 Nxg4 13.Bh3 Ndf6 14.f3 Ne5 15.Bxe6 d4
16.b3 Bd6 17.Nb2 Ke7 18.Bc4 a6 19.Nd3 Nfd7 20.Bb2 b5 21.Nxe5 Bxe5 22.Bd3 Nc5
23.Bf5 Kf6 24.Bh3 Ne6 25.Rc1 Rd6 26.Bxe6 Kxe6 27.Ba3 Rb6 28.Rg1 d3 29.Rg4 dxe2
30.Re4 Kf6 31.f4 Bd6 32.Bb2+ Kf5 33.d3 Rd8 34.Kxe2 Rb7 35.Ke3 Rbd7 36.Rg1 Bc5+
37.d4 Bb6 38.Rg5+ Kf6 39.Kd3 g6 40.Rge5 Bc7 41.Rc5 Bb6 42.Rc6+ Rd6 43.Rxd6+ Rxd6
44.Re5 Kf7 45.d5 Bc7 46.Ba3 Rd7 47.Ke4 Bxe5 48.fxe5 Rc7 49.d6 Rb7 50.Kd5 b4
51.e6+ Ke8 52.Bb2 Rb5+ 53.Kc6 Rf5 54.Bd4  1-0

[Event "Dresden (Women)"]
[Site "Dresden"]
[Date "1990.??.??"]
[Round "?"]
[White "Heinatz, Gundula"]
[Black "Zaitseva, Ludmila G"]
[Result "1/2-1/2"]
[WhiteElo "2195"]
[BlackElo "2355"]

1.Nf3 d5 2.g3 c6 3.Bg2 Bg4 4.d4 Nd7 5.Bf4 e6 6.h3 Bh5 7.c4 Ngf6 8.g4 Bg6
9.Nc3 Qb6 10.Qc1 dxc4 11.O-O Nd5 12.Bg3 N7f6 13.Rd1 Nxc3 14.bxc3 Ne4 15.Be5 O-O-O
16.Nh4 Nd6 17.Nxg6 hxg6 18.Rb1 Qc7 19.Rb4 Qd7 20.Qb2 b5 21.Qa3 Qb7 22.Rdb1 f6
23.Bg3 Ne8 24.Rxb5 Qxb5 25.Rxb5 Bxa3 26.Rb8+ Kd7 27.Rb7+ Kc8 28.Rb8+  1/2-1/2

[Event "BCF-ch"]
[Site "Eastbourne"]
[Date "1990.??.??"]
[Round "?"]
[White "McNab, Colin Anderson"]
[Black "Carton, Niall"]
[Result "1-0"]
[WhiteElo "2390"]
[BlackElo "2205"]

1.Nf3 d5 2.g3 Nf6 3.Bg2 e6 4.b3 Bd6 5.Bb2 O-O 6.c4 c6 7.O-O Nbd7 8.d4 Ng4
9.h3 Nh6 10.Nbd2 Bc7 11.e4 dxe4 12.Nxe4 Nf6 13.Nxf6+ Qxf6 14.Qe2 Qe7 15.Rad1 Nf5
16.Ne5 Rd8 17.Be4 a5 18.Nxc6 bxc6 19.Bxf5 Qg5 20.Be4 Bb7 21.Qf3 Ra6 22.h4 Qe7
23.Rfe1 Qf8 24.c5  1-0

[Event "BCF-ch"]
[Site "Eastbourne"]
[Date "1990.??.??"]
[Round "?"]
[White "Ledger, Andrew"]
[Black "Conquest, Stuart"]
[Result "1-0"]
[WhiteElo "2335"]
[BlackElo "2465"]

1.Nf3 d5 2.g3 g6 3.Bg2 Bg7 4.d4 c6 5.O-O Nd7 6.Nbd2 Nh6 7.e4 O-O 8.Re1 Nb6
9.c3 f6 10.a4 a5 11.exd5 cxd5 12.Nf1 Nf7 13.h4 Bd7 14.b3 Rc8 15.Ne3 Re8 16.Bb2 Nd6
17.Nd2 Be6 18.Rc1 Bf7 19.Bh3 Rc6 20.Ng2 Kh8 21.Nf3 Bh6 22.Rc2 Nd7 23.Rce2 Nf8
24.g4 Qd7 25.Kh2 Bg7 26.g5 Qc7 27.Kg1 Ra6 28.Qd3 Raa8 29.Bc1 Qb6 30.Rxe7 Qxb3
31.Bf4 Rec8 32.Bxc8 Rxc8 33.Bxd6 Rxc3 34.Qd1  1-0

[Event "Eger op"]
[Site "Eger"]
[Date "1990.??.??"]
[Round "?"]
[White "Bencze, Laszlo"]
[Black "O'Donnell, M."]
[Result "1/2-1/2"]
[WhiteElo "2280"]
[BlackElo "2270"]

1.Nf3 d5 2.g3 Nf6 3.Bg2 c6 4.d3 Bf5 5.b3 e6 6.O-O Be7 7.Bb2 O-O 8.Nbd2 h6
9.c4 a5 10.a3 Bh7 11.Rc1 Na6 12.Rc2 Re8 13.Qa1 Bf8 14.Ne5 Nd7 15.Nxd7 Qxd7
16.Bc3 Nb4 17.Rcc1 c5 18.Nf3 Nc6 19.d4 dxc4 20.bxc4 cxd4 21.Nxd4 Nxd4 22.Bxd4 Qe7
23.c5 e5 24.Be3 Rac8 25.Qb2 e4 26.Qb5 Qc7 27.Rfd1 Red8 28.Rxd8 Rxd8 29.Bf4 Qd7
30.Qxa5 Bf5 31.h3 Rc8 32.g4 Bg6 33.a4 Rc6 34.Be3 f5 35.Qb4 fxg4 36.hxg4 Qxg4
37.Qxb7 Be8 38.Kf1 Re6 39.Rc4 Bc6 40.Qb8 Rg6 41.Qh2 Qe6 42.Rc1 Bxa4 43.Qh4 Bc6
44.Qh5 Rf6 45.Bd4 Rf7 46.Bh3 Qb3 47.Bf5 Bd7 48.Bxe4 Bh3+ 49.Kg1 Rd7 50.Be3 Rd1+
51.Rxd1 Qxd1+ 52.Kh2 Be6 53.Qg6 Qd7 54.Bxh6 Bd5 55.Qh7+ Kf7 56.Qg6+ Kg8 57.Qh7+ Kf7  1/2-1/2

[Event "Eger op"]
[Site "Eger"]
[Date "1990.??.??"]
[Round "?"]
[White "Parkanyi, Attila"]
[Black "Nemeth, Zoltan"]
[Result "0-1"]
[WhiteElo "2275"]
[BlackElo "2365"]

1.Nf3 d5 2.g3 c6 3.b3 Bg4 4.Bg2 Nd7 5.Bb2 Ngf6 6.O-O e6 7.d3 Be7 8.Nbd2 O-O
9.c4 a5 10.Qc2 a4 11.a3 axb3 12.Nxb3 dxc4 13.dxc4 Bf5 14.Qc3 Nb6 15.Rfd1 Qc8
16.Nbd4 Be4 17.Nd2 Na4 18.Qc1 Bxg2 19.Kxg2 Nd7 20.Ra2 Nxb2 21.Qxb2 Ra4 22.Rb1 Nc5
23.N4b3 b6 24.Nxc5 Bxc5 25.Ne4 Qa6 26.Nxc5 bxc5 27.Qb3 Rxc4 28.a4 Rb4 29.Qc2 Rfb8
30.Rd1 Rd4 31.Rc1 Rc8 32.a5 Rd5 33.e4 Rd4 34.Qxc5 Rxe4 35.Rd2 g6 36.Rcd1 Qa8
37.Qe7 Rd4 38.Rxd4 c5+ 39.Kh3 cxd4 40.Rxd4 Qxa5 41.Qf6 Qf5+ 42.Qxf5 gxf5
43.Kg2 Kg7 44.h3 Kg6 45.g4 h5 46.Kg3 Rc3+ 47.f3 h4+ 48.Kg2 Rc2+ 49.Kg1 fxg4
50.Rxg4+ Kh5 51.Rg8 e5 52.Rg7 f6 53.Rg8 Rd2 54.Rg7 Kh6 55.Rg8 Kh7 56.Rg4 Rd4
57.Rg2 Rd1+ 58.Kh2 Rf1 59.Rg4 Rxf3 60.Rxh4+ Kg6 61.Kg2 Ra3 62.Rb4 f5 63.h4 Kh5
64.Kf2 e4 65.Rb5 Rf3+ 66.Kg2 Kxh4 67.Re5 Kg4  0-1

[Event "SWE-FIN"]
[Site "Eksjo"]
[Date "1990.??.??"]
[Round "1"]
[White "Karlsson, Lars"]
[Black "Valkesalmi, Kimmo"]
[Result "1-0"]
[WhiteElo "2520"]
[BlackElo "2400"]

1.Nf3 d5 2.g3 Nf6 3.Bg2 c6 4.O-O Bg4 5.b3 Nbd7 6.Bb2 e6 7.c4 Be7 8.d3 Bxf3
9.Bxf3 O-O 10.Bg2 a5 11.cxd5 exd5 12.e4 dxe4 13.dxe4 Nc5 14.e5 Qxd1 15.Rxd1 Nfd7
16.Na3 Nb6 17.Nc2 f6 18.Ne3 fxe5 19.Bxe5 Ncd7 20.Bc7 Bf6 21.Rac1 Be5 22.Bd6 Bxd6
23.Rxd6 Ne5 24.Rcd1 Nf7 25.R6d4 Rad8 26.Bf1 Rxd4 27.Rxd4 Rd8 28.Re4 Nd6 29.Rh4 g6
30.Kg2 Nf7 31.b4 a4 32.b5 cxb5 33.Bxb5 a3 34.Rb4 Nd5 35.Nxd5 Rxd5 36.Ba4 Ra5
37.Bb3 Ra7 38.Bd5  1-0

[Event "ESP-ch"]
[Site "ESP"]
[Date "1990.??.??"]
[Round "9"]
[White "Garcia Ilundain, David"]
[Black "Magem Badals, Jorge"]
[Result "0-1"]
[WhiteElo "2370"]
[BlackElo "2470"]

1.Nf3 d5 2.g3 e6 3.Bg2 Nf6 4.O-O Be7 5.d3 O-O 6.Nbd2 c5 7.e4 Nc6 8.Re1 b5
9.e5 Nd7 10.c4 bxc4 11.dxc4 Nb6 12.b3 a5 13.h4 a4 14.Rb1 axb3 15.axb3 Nb4
16.Ng5 Ra2 17.cxd5 Bxg5 18.hxg5 exd5 19.Qf3 Qxg5 20.Nc4 Qg6 21.Nxb6 Qxb6
22.Bg5 Re8 23.Bf6 Qe6 24.Bg5 Qg6 25.Bf4 Bg4 26.Qc3 Rc2 27.Qa1 Nd3 28.Qa4 Rf8
29.Bxd5 Nxf2 30.Bg2 Nh3+ 31.Bxh3 Bxh3 32.Qe4 Rg2+ 33.Qxg2 Bxg2 34.Kxg2 Ra8
35.Rb2 h6 36.Ree2 Ra1 37.Rbc2 Qd3 38.Kf2 Rh1 39.Rcd2 Qxb3 40.Rd8+ Kh7  0-1

[Event "Forli op"]
[Site "Forli"]
[Date "1990.??.??"]
[Round "5"]
[White "Gutman, Lev"]
[Black "Votruba, Pavel"]
[Result "0-1"]
[WhiteElo "2475"]
[BlackElo "2315"]

1.Nf3 d5 2.g3 Nf6 3.Bg2 e6 4.O-O Nbd7 5.b3 Be7 6.Bb2 O-O 7.c4 c5 8.e3 b6
9.d3 Bb7 10.Qe2 Qc7 11.Nbd2 Rad8 12.Rad1 Rfe8 13.Ne1 e5 14.g4 h6 15.h4 d4
16.Bxb7 Qxb7 17.e4 Nf8 18.Ng2 N6h7 19.Bc1 Ne6 20.Nf3 Qc7 21.Nxe5 Qxe5 22.f4 Qc7
23.f5 Nef8 24.Rf3 Bd6 25.Rdf1 Be5 26.g5 hxg5 27.hxg5 Qe7 28.Qd2 Rd6 29.Rh3 Qd7
30.Qe2 g6 31.Qg4 f6 32.gxf6 Nxf6 33.Qe2 N6h7 34.Kh1 Bg7 35.Nh4 gxf5 36.Nxf5 Rg6
37.Bh6 Be5 38.Qh5 Ree6 39.Bd2 Ref6 40.Rff3 Qe6 41.Nh6+ Kh8 42.Rf5 Bc7 43.b4 b5
44.Rxf6 Rxf6 45.Bg5 Nxg5 46.Nf7+ Kg7 47.Nxg5 Qg8 48.cxb5 cxb4 49.Nf3 Qh7
50.Qg5+ Qg6 51.Qc5 Bf4 52.Qxa7+ Kg8 53.Qxd4 Ne6 54.Qd7 Be3  0-1

[Event "Troll Masters"]
[Site "Gausdal"]
[Date "1990.??.??"]
[Round "3"]
[White "Wessman, Richard"]
[Black "Westerinen, Heikki MJ"]
[Result "1-0"]
[WhiteElo "2505"]
[BlackElo "2475"]

1.Nf3 d5 2.g3 Bg4 3.Bg2 Nd7 4.c4 c6 5.cxd5 cxd5 6.O-O Ngf6 7.d4 e6 8.Bf4 Be7
9.Nc3 O-O 10.h3 Bxf3 11.Bxf3 Nb6 12.b3 Qd7 13.a4 Nc8 14.Qd3 Nd6 15.g4 Rac8
16.Rac1 h6 17.Bg2 Rc6 18.f3 Rfc8 19.e4 Nde8 20.e5 Nh7 21.Bd2 Ba3 22.Rcd1 a6
23.a5 Qe7 24.Na4 Nc7 25.f4 Nb5 26.f5 Qh4 27.Rf4 Bc1 28.Be1 Qg5 29.Rf3 Rc2
30.Bf2 Rd2 31.Rxd2 Qxd2 32.Nc5 Ng5 33.Rg3 Qxd3 34.Rxd3 Bb2 35.h4 Ne4 36.Nxe4 Rc1+
37.Kh2 dxe4 38.Bxe4 Rc2 39.Kg3 Nc3 40.Bxb7 Ne2+ 41.Kf3 Nc1 42.Bxa6 Nxd3 43.Bxd3 Rc3
44.Ke4 Rxb3 45.a6 Ra3 46.Bb5 Bc3 47.d5 Ra5 48.a7 exd5+ 49.Kxd5 Bxe5 50.Kxe5 Rxb5+
51.Kd6 Ra5 52.Kc6 Kf8 53.Bb6 Ra2 54.Kb5  1-0

[Event "Troll Masters"]
[Site "Gausdal"]
[Date "1990.??.??"]
[Round "7"]
[White "Carlier, Bruno"]
[Black "Gausel, Einar"]
[Result "0-1"]
[WhiteElo "2385"]
[BlackElo "2440"]

1.Nf3 d5 2.g3 Nf6 3.Bg2 c6 4.O-O Bg4 5.d3 Nbd7 6.Qe1 e5 7.e4 dxe4 8.dxe4 Qc7
9.Nbd2 Bc5 10.h3 Bh5 11.Nh4 Bg6 12.Nb3 Bb6 13.a4 a5 14.Bd2 Nc5 15.Nxc5 Bxc5
16.Bc3 Nd7 17.Kh1 f6 18.Nxg6 hxg6 19.Rd1 Bb6 20.Qe2 Nc5 21.b3 Qc8 22.Kh2 Ne6
23.f4 exf4 24.gxf4 Bc7 25.e5 f5 26.Qe3 O-O 27.Rd3 Rd8 28.Qg3 Rxd3 29.cxd3 Qe8
30.d4 Rd8 31.Rd1 Nc5 32.d5 cxd5 33.Bxd5+ Rxd5 34.Rxd5 Qc6 35.Qf3 Ne4 36.Rd3 Bb6
37.Bd4 Qc2+ 38.Kg1 Qc1+ 39.Qd1 Bxd4+ 40.Rxd4 Qe3+  0-1